| 000 | 00409nam a2200157Ia 4500 | ||
|---|---|---|---|
| 008 | 151213s9999 xx 000 0 und d | ||
| 020 | _apc00000047 | ||
| 100 | _aRobert Barnard | ||
| 245 |
_aA Short History of English Literature _cRobert Barnard |
||
| 260 |
_aNorway _bBanil Blachwell _c1984 |
||
| 300 | _a5559 p. | ||
| 650 | _aEnglish | ||
| 650 | _aEnglish | ||
| 700 | _aRobert Barnard | ||
| 999 |
_c3325 _d3325 |
||